[Event "AUTO-OPEN-4623"]
[Site "http://www.queenalice.com/game.php?id=1865331"]
[Date "2025.11.8"]
[Round "1"]
[White "Fischercat"]
[Black "jpribeiro"]
[Result "1-0"]
[WhiteElo "1850"]
[BlackElo "1296"]

1. d4 Nf6 2. Nf3 g6 3. Nc3 Bg7 4. Bg5 e6 5. Bxf6 Bxf6 6. e4 d6 7. h3 O-O 8. Bd3
a6 9. e5 dxe5 10. dxe5 Bg7 11. O-O c5 12. Ne4 f6 13. exf6 1-0

[Event "AUTO-OPEN-4625"]
[Site "http://www.queenalice.com/game.php?id=1865875"]
[Date "2025.11.20"]
[Round "1"]
[White "IranSilva"]
[Black "Fischercat"]
[Result "1-0"]
[WhiteElo "2231"]
[BlackElo "1867"]

1. Nf3 d5 2. d4 Nf6 3. Bf4 Bf5 4. e3 a6 5. Bd3 Bxd3 6. Qxd3 e6 7. Nbd2 Nc6 8. c3
Bd6 9. Bxd6 Qxd6 10. e4 dxe4 11. Nxe4 Nxe4 12. Qxe4 O-O-O 13. O-O-O f5 14. Qe3
Rhg8 15. Rhe1 Rde8 16. Ne5 Na5 17. Qh3 Nc6 18. Qxh7 Qe7 19. Nxc6 bxc6 20. Qg6
Rh8 21. h3 Rh6 22. Qg3 g5 23. Re5 Qf6 24. Qd3 Kb7 25. Rde1 f4 26. Qc4 f3 27. g3
g4 28. hxg4 Rg6 29. Rc5 1-0

[Event "AUTO-OPEN-4625"]
[Site "http://www.queenalice.com/game.php?id=1865876"]
[Date "2025.11.20"]
[Round "1"]
[White "Fischercat"]
[Black "IranSilva"]
[Result "0-1"]
[WhiteElo "1865"]
[BlackElo "2234"]

1. Nf3 d5 2. d4 Nf6 3. Nc3 Bf5 4. Bg5 e6 5. Ne5 Be7 6. e3 Nbd7 7. Bd3 Bxd3 8.
Qxd3 Nxe5 9. dxe5 Nd7 10. Bxe7 Qxe7 11. f4 c6 12. Ne2 f6 13. exf6 Qxf6 14. O-O-O
O-O-O 15. Nc3 e5 16. Rhf1 Rhe8 17. Na4 g6 18. Qc3 Kb8 19. Rd3 Qd6 20. Qb3 Nc5
21. Nxc5 Qxc5 22. Rc3 Qd6 23. fxe5 Rxe5 24. Rf7 Rd7 25. Rxd7 Qxd7 26. Qb4 Qe7
27. Qb3 Kc7 28. Kd2 Qh4 29. Qa3 Qf2+ 30. Kd3 Qf1+ 31. Kd4 Re4+ 0-1

[Event "AUTO-OPEN-4625"]
[Site "http://www.queenalice.com/game.php?id=1865899"]
[Date "2025.11.20"]
[Round "1"]
[White "chessman"]
[Black "Fischercat"]
[Result "1-0"]
[WhiteElo "2071"]
[BlackElo "1855"]

1. e4 e5 2. Nf3 d6 3. Bc4 h6 4. O-O Nf6 5. Re1 Qe7 6. Nc3 Bg4 7. d3 Nbd7 8. Nd5
Nxd5 9. Bxd5 c6 10. Bb3 Qf6 11. Qe2 Nc5 12. c3 Be7 13. Qe3 Bxf3 14. gxf3 Qg6+
15. Kh1 Bg5 16. Qe2 Qh5 17. Bc2 Ne6 18. Rg1 Bxc1 19. Raxc1 Nf4 20. Qe3 O-O-O 21.
d4 g5 22. Rcd1 Ng6 23. dxe5 Nxe5 24. Qxa7 Qxf3+ 25. Rg2 Ng4 26. Qa8+ Kc7 27.
Qa5+ Kd7 28. Qf5+ Qxf5 29. exf5 Nf6 30. f3 Nd5 31. Re2 h5 32. c4 g4 33. cxd5 1-0

[Event "AUTO-OPEN-4625"]
[Site "http://www.queenalice.com/game.php?id=1865900"]
[Date "2025.11.20"]
[Round "1"]
[White "Fischercat"]
[Black "chessman"]
[Result "0-1"]
[WhiteElo "1863"]
[BlackElo "2067"]

1. Nf3 d5 2. d4 Nf6 3. Nc3 e6 4. Bg5 Be7 5. Ne5 a6 6. e3 O-O 7. Bd3 c5 8. O-O
cxd4 9. exd4 Nc6 10. Qe2 Qb6 11. Nxc6 bxc6 12. Rfd1 Qxb2 13. Na4 Qb8 14. Rab1
Qd6 15. Qf3 Qc7 16. Bxf6 Bxf6 17. Nc5 e5 18. dxe5 Bxe5 19. g3 Bd6 20. Na4 Bd7
21. Bf5 Be6 22. Qd3 Bxf5 23. Qxf5 Rfe8 24. Rd4 Re5 25. Qg4 Rae8 26. Nc3 R5e7 0-1

[Event "AUTO-OPEN-4630"]
[Site "http://www.queenalice.com/game.php?id=1867006"]
[Date "2025.12.13"]
[Round "1"]
[White "Fischercat"]
[Black "IranSilva"]
[Result "0-1"]
[WhiteElo "1856"]
[BlackElo "2230"]

1. d3 d5 2. e3 Nf6 3. h3 Bf5 4. Nc3 e6 5. Nf3 Be7 6. Be2 O-O 7. Ne5 Nbd7 8. O-O
Nxe5 9. a4 c5 10. d4 Nc6 11. dxc5 Bxc5 0-1

[Event "AUTO-OPEN-4630"]
[Site "http://www.queenalice.com/game.php?id=1867007"]
[Date "2025.12.13"]
[Round "1"]
[White "IranSilva"]
[Black "Fischercat"]
[Result "1-0"]
[WhiteElo "2291"]
[BlackElo "1880"]

1. Nf3 d5 2. d4 Nf6 3. Bf4 Nc6 4. e3 Bf5 5. Bd3 Bxd3 6. Qxd3 Ne4 7. c3 e6 8.
Nbd2 Bd6 9. Nxe4 dxe4 10. Qxe4 Bxf4 11. Qxf4 O-O 12. O-O Qd7 13. e4 Ne7 14. Ne5
Qb5 15. b3 Ng6 16. Nxg6 fxg6 17. Qg4 Rae8 18. e5 Qd3 19. Rac1 Rf5 20. Rfd1 Qb5
21. c4 Qd7 22. Qe4 Rd8 23. g4 Rf7 24. d5 1-0

[Event "AUTO-OPEN-4633"]
[Site "http://www.queenalice.com/game.php?id=1867757"]
[Date "2026.1.9"]
[Round "1"]
[White "MarcosT"]
[Black "Fischercat"]
[Result "0-1"]
[WhiteElo "2024"]
[BlackElo "1887"]

1. d4 d5 2. e3 Bf5 3. Nd2 a6 4. Ngf3 Nc6 5. c3 Nf6 6. Be2 e6 7. O-O Bd6 8. Ne1
h5 9. f4 Ne4 10. Nef3 Qf6 11. Ne5 Bxe5 12. fxe5 Qg6 13. Kh1 h4 14. Nxe4 Bxe4 15.
Bf3 O-O-O 16. Bxe4 Qxe4 17. Rf4 Qg6 18. Rg4 Qh5 19. h3 g6 20. Bd2 Rdf8 21. Qe2
Ne7 22. Rf1 Nf5 23. c4 Ng3+ 0-1

[Event "AUTO-OPEN-4633"]
[Site "http://www.queenalice.com/game.php?id=1867758"]
[Date "2026.1.9"]
[Round "1"]
[White "Fischercat"]
[Black "MarcosT"]
[Result "0-1"]
[WhiteElo "1911"]
[BlackElo "2021"]

1. Nf3 Nf6 2. Nc3 e5 3. Nxe5 Nc6 4. Nxc6 dxc6 5. h3 Bc5 6. d3 O-O 7. e3 Re8 8.
Be2 a6 9. a3 Nd5 10. e4 Qf6 11. O-O Nxc3 12. bxc3 Qxc3 13. Bd2 Qf6 14. Bg4 Qg6
15. Bxc8 Raxc8 16. Qf3 Rcd8 17. Be3 Bd6 18. Rfe1 Be5 19. Rad1 Qd6 20. g3 c5 21.
Bf4 Qf6 22. Qg4 Bxf4 23. Qxf4 Qc3 24. Rc1 Qxa3 25. Qxc7 Qb4 26. Rb1 Qd4 27. Rxb7
Qf6 28. e5 Qe6 29. Re4 Rf8 30. Qxc5 Qxh3 31. e6 fxe6 32. Qe7 Qh6 33. Rxe6 Qc1+
34. Kg2 Rxf2+ 35. Kh3 Qh1+ 36. Kg4 Qf3+ 37. Kh3 Qf5+ 38. g4 Qf3+ 39. Kh4 Qh1+
40. Kg5 Rd5+ 41. Re5 Qh6# 0-1

[Event "AUTO-OPEN-4633"]
[Site "http://www.queenalice.com/game.php?id=1867781"]
[Date "2026.1.9"]
[Round "1"]
[White "Fischercat"]
[Black "josebaron"]
[Result "0-1"]
[WhiteElo "1908"]
[BlackElo "2130"]

1. e4 e5 2. Nf3 Nc6 3. d4 exd4 4. Nxd4 d6 5. Bb5 Bd7 6. O-O Nf6 7. Nc3 Nxd4 8.
Qxd4 Bxb5 9. Nxb5 a6 10. Nc3 Be7 11. Bg5 h6 12. Bh4 O-O 13. Rfe1 Re8 14. Re3 Ng4
15. Bxe7 Rxe7 16. Rg3 Ne5 17. f4 Ng6 18. f5 c5 19. Qe3 Qe8 20. fxg6 fxg6 21. Re1
Rd8 22. Nd5 Re5 23. Nf6+ gxf6 24. Qxh6 Rg5 25. Rh3 Qd7 26. Rf1 Qg7 27. Rff3 Qxh6
28. Rxh6 Kg7 29. Rfh3 f5 30. exf5 Rxf5 31. Rh7+ Kf6 32. Rxb7 Re8 33. g4 Re1+ 34.
Kg2 Re2+ 35. Kg1 Rg5 36. Rf3+ Ke6 37. h3 Rxc2 38. Rb6 a5 39. Re3+ Re5 40. Rxe5+
Kxe5 41. Rb5 a4 42. Ra5 Rxb2 43. Rxa4 d5 44. h4 c4 0-1

[Event "AUTO-OPEN-4633"]
[Site "http://www.queenalice.com/game.php?id=1867782"]
[Date "2026.1.9"]
[Round "1"]
[White "josebaron"]
[Black "Fischercat"]
[Result "1-0"]
[WhiteElo "2165"]
[BlackElo "1878"]

1. e4 e5 2. Nf3 d6 3. d4 exd4 4. Qxd4 Nc6 5. Bb5 a6 6. Bxc6+ bxc6 7. O-O Bb7 8.
Nc3 h6 9. h3 Nf6 10. e5 dxe5 11. Qxe5+ Be7 12. Rd1 1-0

[Event "AUTO-OPEN-4633"]
[Site "http://www.queenalice.com/game.php?id=1867783"]
[Date "2026.1.9"]
[Round "1"]
[White "Fischercat"]
[Black "Tonto"]
[Result "1-0"]
[WhiteElo "1891"]
[BlackElo "1991"]

1. d4 d5 2. Nc3 Nf6 3. Bg5 g6 4. e3 Bg7 5. h3 e6 6. Nf3 O-O 7. Bd3 Nc6 8. Ne5 h6
9. Qf3 hxg5 10. h4 Nh5 11. g4 Nf6 12. hxg5 Nh7 13. O-O-O Nxg5 14. Qg2 f5 15. f4
Bxe5 16. fxg5 Qxg5 17. Rh3 Bf6 18. Rdh1 Nxd4 19. Nxd5 Bg7 20. Nxc7 f4 21. exf4
Qxf4+ 22. Qd2 Qxg4 23. Nxa8 Nf3 24. Qd1 Ne5 25. Qxg4 Nxg4 26. Rg3 e5 27. Bxg6
Nf6 28. Bd3 Be6 29. Nc7 Bxa2 30. b3 Kf7 31. Bc4+ Ke7 32. Rxg7+ Kd6 33. Rd1+ Kc6
34. Nd5 Ne4 35. Nb4+ Kc5 36. Nxa2 b5 37. Rd5+ Kc6 38. Nb4+ Kb6 39. Rxb5# 1-0

[Event "AUTO-ADV-4918"]
[Site "http://www.queenalice.com/game.php?id=1869174"]
[Date "2026.2.12"]
[Round "1"]
[White "Fauquinelle"]
[Black "Fischercat"]
[Result "1-0"]
[WhiteElo "2087"]
[BlackElo "1899"]

1. d4 d5 2. c4 dxc4 3. Nf3 e6 4. e3 b5 5. a4 c6 6. g3 Bb4+ 7. Nc3 Nf6 8. Bg2 Ne4
9. Qc2 Ng5 10. O-O O-O 11. Ne5 Nd7 12. Nxc6 1-0